000 00668 a2200217 4500
999 _c5079
_d5079
020 _a9781472210531
050 _aPZ5 RAG 2013
100 _aMarr, Melissa
_eeditor
245 _aRags & bones :
_bnew twist s on timeless tales /
_cMellisa Marr & Tim Pratt
264 _aLondon :
_bHeadline Publishing Group;
_c2013.
300 _a372p. :
500 _aIncludes contributor biographies
650 _aParanormal fiction.
650 _aShort stories, American.
650 _aFairy tales--Adaptations.
650 _aScience fiction.
650 _aShort stories.
650 _aSupernatural--Fiction.
700 _aPratt, Tim
_eeditor
942 _2lcc
_cBK
_h5
_iRAG
_k2013